Country by that country's longest river Quiz Stats

 Plays Quiz not verified by Sporcle

Challenge
Share
Tweet
Embed
Score 0/20 Timer 05:00
0 Plays Today
River Country % Correct
AmazonBrazil
99.1%
Yangtze/Chang JiangChina
98.2%
Mississippi-MissouriUSA
98.2%
Rio GrandeMexico
97.3%
LoireFrance
95.4%
BrahmaputraIndia
94.5%
CongoDRC
93.6%
SevernUK
93.5%
EuphratesIraq
93.5%
NileSudan or Egypt
92.7%
River Country % Correct
MackenzieCanada
90.9%
Murray-DarlingAustralia
90.9%
YeniseiRussia
86.4%
ShinanoJapan
86.1%
ShannonIreland
83.9%
DnieperUkraine
80.6%
WaikatoNew Zealand
60.7%
KapuasIndonesia
36.4%
Kizilirmak/HalysTurkey
35.7%
The Great Manmade River Libya
20.9%

You're not logged in!

Compare scores with friends on all Sporcle quizzes.
Join for Free
OR
Log In

You Might Also Like...

Show Comments

Extras

Top Quizzes Today


Score Distribution

Your Account Isn't Verified!

In order to create a playlist on Sporcle, you need to verify the email address you used during registration. Go to your Sporcle Settings to finish the process.

Report this User

Report this user for behavior that violates our Community Guidelines.

Details: